00648nam a2200145Ia 4500008004100000050002400041100002600065245014900091260008600240300002000326521002300346942000700369999001900376952010700395140724s9999 xx 000 0 und d aPN 4700b.P739 2010 aPoblete, Don Ronillo. aRole of advocacy advertisements in creating a positive image of politicians to the first time voters of Las Piñas City /cDon Ronillo Poblete. aLas Piñas, Philippines :bSouthville International School and Colleges,cc2010. a34 p. :c28 cm. aMass Communication cTH c228751d228751 001040aCLbCLcTHESESd2014-07-24l0oPN 4700 .P739 2010pT0105r2018-05-15 00:00:00w2014-07-24yTH